000 00461nam a2200181Ia 4500
001 7767
005 20260306160519.0
008 260306t2009||||xx |||||||||||||| ||spa||
041 _aESP
082 _a361.610985
_bM84
100 _aMonge, Älvaro
_eAUT
245 0 _a¿Es el gasto público en programas sociales regresivo en el Perú?
260 _c2009
300 _a112 páginas :
_c20 cm.
650 _aGEN
654 _aCAN
942 _cLIB
_dJUS
_fJUS
_2ddc
_n
999 _c7767
_d7767